Statistiques concernant Puzzle - Mots Zaïque #2

Cliquez ici pour prendre le quiz!

Statistiques générales

  • Ce quiz a été pris 373 fois
  • Le résultat moyen est 9 sur 16

Réponses sur la Carte

Les réponses sont colorées sur une échelle allant du rouge au vert en fonction du pourcentage des utilisateurs qui les ont devinées à leur premier essai. Vous pouvez retrouver ces pourcentages ci-dessous.
 

Statistiques - réponses

Réponse% Correct
IA
65%
ES
63%
FR
61%
ND
60%
RA
60%
SE
60%
BL
57%
CT
53%
OR
52%
AN
50%
VI
49%
DO
48%
TE
48%
EC
45%
FA
44%
AR
42%

Distribution des résultats

Percentile par nombre de réponses

% des personnes avec chaque résultat

Votre développement - résultats

Vous n’avez pas pris ce quiz